• 首页
  • 本馆介绍
  • 公告通知
  • 最新文献
  • 馆藏检索
  • 电子资源
  • 读者导购
  • 参考咨询
  • 我的图书馆
  • 登录
  • 详细信息显示
  • 放入我的书架
  • 预约/预借图书
  • 作者相关作品
  • 分类相关作品
  • 丛书相关作品
  • 出版社相关作品

书目信息

  • 表格格式
  • 工作单格式
  • 卡片格式
题名:
荔枝龙眼病虫害原色图说
    
 
作者: 林锦何 主编
分册:  
出版信息: 广州   广东科技出版社  2017.10
页数: 200页
开本: 21cm
丛书名:
单 册:
中图分类: S436.67-64
科图分类:
主题词: 荔枝--病虫害防治--图谱 , 龙眼--病虫害防治--图谱
电子资源:
ISBN: 978-7-5359-6779-4
000 00798nam0 2200229 450
001 5720
005 20181020145947.36
010    @a978-7-5359-6779-4@dCNY35.00
100    @a20171222d2017 em y0chiy50 ea
101 0  @achi
102    @aCN@b440000
105    @aa z 000yy
200 1  @a荔枝龙眼病虫害原色图说@9li zhi long yan bing chong hai yuan se tu shuo@f林锦何[等]主编
210    @a广州@c广东科技出版社@d2017.10
215    @a200页@d21cm
330    @a本书介绍了为害荔枝龙眼的二十多种病害的发生症状、病原及发生规律及防治措施,以及70余种虫害的为害症状、形态特征、生活习性及防治方法。
606 0  @a荔枝@x病虫害防治@j图谱
606 0  @a龙眼@x病虫害防治@j图谱
690    @aS436.67-64@v5
701  0 @a林锦何@9lin jin he@4主编
801  0 @aCN@b91MARC@c20171222
905    @aMuseLib@dS436.67-64@e147
    
    荔枝龙眼病虫害原色图说/林锦何[等]主编.-广州:广东科技出版社,2017.10
    200页;21cm
    
    
    ISBN 978-7-5359-6779-4:CNY35.00
    本书介绍了为害荔枝龙眼的二十多种病害的发生症状、病原及发生规律及防治措施,以及70余种虫害的为害症状、形态特征、生活习性及防治方法。
●
相关链接 在E读中查询图书 在五车中查询图书 在当当中查询图书 在豆瓣中查询图书


正题名:荔枝龙眼病虫害原色图说     索取号:S436.67-64/147         预约/预借

序号 登录号 条形码 馆藏地/架位号 状态 备注
1 1130969   211309699   第二样本阅览室/ [索取号:S436.67-64/147] 在馆    
2 1130970   211309706   密集书库-生命科学系/ [索取号:S436.67-64/147] 在馆    
3 1130971   211309715   第三借阅区/ [索取号:S436.67-64/147] 在馆    
4 1130972   211309724   第三借阅区/ [索取号:S436.67-64/147] 在馆    
5 1130973   211309733   第三借阅区/ [索取号:S436.67-64/147] 在馆    
唐山师范学院图书馆 欢迎您!
大连网信软件有限公司© 版权所有